01550nam a22003617a 4500003000400000005001700004008004100021040002200062082001500084130002400099245006800123260002600191300001800217490001400235505005200249505006700301505009100368505008000459505003400539505008900573505005600662505006000718505003300778505005400811505005400865505001300919505002000932650004200952650005100994650004901045650004401094651005001138OSt20230817131130.0221006b |||||||| |||| 00| 0 eng d cBiblioteca Lado V a305bM953m aMujer/Fempresslspa aMujer/Fempress/bRed de comunicación alternativa de la mujer/ bFEMPRESSc1998aChile c22x31cma29p. v1998a202 aLazos Internacionales de las mujeres tCOLOMBIA aVer, oír y no callar El perfil de un políticotCOSTA RICA aProyecto de ley: Prohibido Prohibir Parejas homosexuales en convenio laboraltURUGUAY aConquista del mundo editorial iberoamericano La paternidad ausentetMEXICO aLa razón de escribirtCHILE aHuelga general contra privatización Alertan sobre la privatizacióntPUERTO RICO aEl derecho a la titulación de las tierrastPERÚ a"Fruta madura" llora de rabia Una nueva lunatPARAGUAY aSexo en la ciudadtARGENTINA aParejas homosexuales en convenio laboraltURUGUAY aParadigmas de la maternidadtREPUBLICA DOMINICANA aRECORTES aCOMUNICANDONOS  2Tesauro de Arte & ArquitecturaaMUJER 2Tesauro de Arte & ArquitecturaaCOMUNICACIÓN 2Tesauro de Arte & ArquitecturaaRED FEMENINA 2Tesauro de Arte & ArquitecturaaCULTURA 2Tesauro de Arte & ArquitecturaaINTERNACIONAL